00461nam a2200193 a 4500001001300000003000900013005001700022008004100039020000800080082001300088100001900101245002500120260002900145300000900174500003500183505001000218650002000228700001900248nice12345678IN_TiNIC20260116011632.0050524s1954 lona grp 000 0 eng  ac000a289bDAV aDavies, Horton aChristian Deviations aLondonbScm Press c1954 a126p aincludes index and biblioraphy2 aIndex aChristian-Sects1 aDavies, Horton